000 00608nam a2200241Ia 4500
003 OSt
005 20221005131205.0
006 a|||||r|||| 00| 0
007 ta
008 221004b |||||||| |||| 00| 0 eng d
024 _a59116
037 _cTextual
040 _aCRL
_cCRL
_beng
041 _2eng
_aeng
082 _aU8:3xM62, G2
100 _aHudson W H
_956372
245 0 _aShepherd's life; impressions of the South Wiltshire Downs.
250 _a13th
260 _c1932
650 _aGEOGRAPHY
942 _hU8:3xM62, G2
_cTEXL
_2cc
999 _c1059606
_d1059606